| 000 | 00425nam a22001457a 4500 | ||
|---|---|---|---|
| 005 | 20250303111147.0 | ||
| 008 | 250303b |||||||| |||| 00| 0 eng d | ||
| 020 | _a97830308764920 | ||
| 040 | _cPK-LaUMT | ||
| 082 |
_a004.67388 _bINT- |
||
| 245 |
_aIntelligent technologies for internet of vehicles / _cedited by Naercio Magaia . . . [et al.] |
||
| 260 |
_aSwitzerland : _bSpringer, _c2021 |
||
| 300 | _a511 p. | ||
| 942 | _cBK | ||
| 999 |
_c137046 _d137046 |
||